Vista normal
Vista MARC
Entrada Personal Name
Número de registros utilizados en: 1
001 - CONTROL NUMBER
- control field: 39448
003 - CONTROL NUMBER IDENTIFIER
- control field: OSt
005 - DATE AND TIME OF LATEST TRANSACTION
- control field: 20210818094958.0
008 - FIXED-LENGTH DATA ELEMENTS
- fixed length control field: 210818|| aca||aabn | a|a d
040 ## - CATALOGING SOURCE
- Original cataloging agency: OSt
- Transcribing agency: OSt
100 ## - HEADING--PERSONAL NAME
- Personal name: Gómez Roldán, Ignacio
670 ## - SOURCE DATA FOUND
- Source citation: Work cat.: (OSt)8350: Pereira Villa, Catherine, 17014 autora, Del conocimiento de la microeconomía a las decisiones / , 2007